Gaceta de arte / (Registro nro. 9605)

Detalles MARC
000 -LEADER
campo de control de longitud fija 00793nam a2200241 i 4500
001 - NÚMERO DE CONTROL
campo de control 9605
003 - IDENTIFICADOR DE NÚMERO DE CONTROL
campo de control ES-MaACL
005 - FECHA Y HORA DE LA ÚLTIMA TRANSACCIÓN
campo de control 20240502063034.0
007 - CAMPO FIJO DE DESCRIPCIÓN FÍSICA--INFORMACIÓN GENERAL
campo de control de longitud fija t|
008 - DATOS DE LONGITUD FIJA--INFORMACIÓN GENERAL
campo de control de longitud fija 931111s1993 sp ||||1| spa d
020 ## - NÚMERO INTERNACIONAL ESTÁNDAR DEL LIBRO
Número Internacional Estándar del Libro 84-7947-045-3
080 ## - NÚMERO DE LA CLASIFICACIÓN DECIMAL UNIVERSAL
Número de la Clasificación Decimal Universal 7(05)(460.411 Tenerife)(091)
100 1# - ENTRADA PRINCIPAL--NOMBRE DE PERSONA
Nombre de persona Sánchez, Angel,
Fechas asociadas al nombre 1943-
9 (RLIN) 102339
245 10 - MENCIÓN DEL TÍTULO
Título Gaceta de arte /
Mención de responsabilidad, etc. Ángel Sánchez Rivero.
260 ## - PUBLICACIÓN, DISTRIBUCIÓN, ETC.
Lugar de publicación, distribución, etc. [Santa Cruz de Tenerife] :
Nombre del editor, distribuidor, etc. Viceconsejería de Cultura y Deportes,
Fecha de publicación, distribución, etc. [1993]
300 ## - DESCRIPCIÓN FÍSICA
Extensión 326 p. :
Otras características físicas il. ;
Dimensiones 25 cm.
490 1# - MENCIÓN DE SERIE
Mención de serie La Era de Gaceta de arte ;
Designación de volumen o secuencia 6
630 #0 - PUNTO DE ACCESO ADICIONAL DE MATERIA--TÍTULO UNIFORME
Título uniforme Gaceta de arte.
9 (RLIN) 121691
710 1# - ENTRADA AGREGADA--NOMBRE DE ENTIDAD CORPORATIVA
Nombre de entidad corporativa o nombre de jurisdicción como elemento de entrada Canarias.
Unidad subordinada Viceconsejería de Cultura y Deportes.
9 (RLIN) 2427
830 0# - PUNTO DE ACCESO ADICIONAL DE SERIE-TÍTULO UNIFORME
Título uniforme La Era de Gaceta de arte ;
Designación de volumen o secuencia 6
9 (RLIN) 178570
852 ## - LOCALIZACIÓN
Ubicación ES-MaACL
Número de control de estantería L-17130
Existencias
Estatus retirado Estado de pérdida Estado de daño No para préstamo Biblioteca de origen Biblioteca actual Ubicación en estantería Fecha de adquisición Fuente de adquisición Total de préstamos Signatura topográfica completa Código de barras Visto por última vez Precio de reemplazo Tipo de ítem Koha
        Biblioteca del Ateneo de Madrid Biblioteca del Ateneo de Madrid Depósito 2 17/01/2008     L-17130 1009801 23/02/2023 23/02/2023 Libro impreso